000 01050cab a2200313 4500
001 ABS57280
008 090401t1997 xxu||||| |||| 00| 0 eng d
035 _a(Sirsi) u79944
041 _aeng
100 _aHealy, A.
245 _aSpatial dimensions
260 _c1997
350 _a0
490 _aPlanning (for the Natural and Built Environment)
_v(1227) 18 July 1997, 13(1)
520 _aOutlines the aims and challenges of the EC European Spatial Development Perspective after its initial approval by the EU in June 1997. The main purpose of the document is to improve co-operation on spatial planning at a European level.
650 _aCONSERVATION
650 _aEUROPE
650 _aEUROPEAN SPATIAL DEVELOPMENT PERSPECTIVE
650 _aEUROPEAN UNION
650 _aPLANNING POLICY
650 _aREGIONAL PLANNING POLICY
650 _aRURAL AREAS
650 _aSPATIAL PLANNING
650 _aSUSTAINABLE DEVELOPMENT
650 _aURBANISATION
690 _aEUROPE-SINGLE MARKET
942 _n0
948 _c28/07/1997
999 _c50309
_d50309